Bouquets / (Registro nro. 32723)
[ vista simple ]
| 000 -LEADER | |
|---|---|
| campo de control de longitud fija | 01360cam a22003734i 4500 |
| 003 - IDENTIFICADOR DE NÚMERO DE CONTROL | |
| campo de control | PE-LiUPU |
| 005 - FECHA Y HORA DE LA ÚLTIMA TRANSACCIÓN | |
| campo de control | 20250731184102.0 |
| 008 - DATOS DE LONGITUD FIJA--INFORMACIÓN GENERAL | |
| campo de control de longitud fija | 150623s1991 nyua r 000 0 eng d |
| 020 ## - NÚMERO INTERNACIONAL ESTÁNDAR DEL LIBRO | |
| Número Internacional Estándar del Libro | 080071637X |
| 035 ## - NÚMERO DE CONTROL DEL SISTEMA | |
| Número de control de sistema | (Sirsi) i9780800716370 |
| 040 ## - FUENTE DE CATALOGACIÓN | |
| Centro catalogador/agencia de origen | PE-LiUPU |
| Lengua de catalogación | spa |
| Centro/agencia transcriptor | PE-LiUPU |
| Normas de descripción | rda |
| 049 ## - FONDOS LOCALES (OCLC) | |
| Biblioteca depositaria | PRUA |
| 082 04 - NÚMERO DE LA CLASIFICACIÓN DECIMAL DEWEY | |
| Número de clasificación | 808.815 |
| Cutter | R53B |
| Número de edición | 21 |
| 100 1# - ENTRADA PRINCIPAL--NOMBRE DE PERSONA | |
| Nombre de persona | Rice, Helen Steiner, |
| Término indicativo de función/relación | autor. |
| 245 10 - MENCIÓN DEL TÍTULO | |
| Título | Bouquets / |
| Mención de responsabilidad, etc. | Helen Steiner Rice. |
| 264 #1 - PRODUCCIÓN, PUBLICACIÓN, DISTRIBUCIÓN, FABRICACIÓN Y COPYRIGHT | |
| Producción, publicación, distribución, fabricación y copyright | Carmel, New York : |
| Nombre del de productor, editor, distribuidor, fabricante | Guideposts Edition, |
| Fecha de producción, publicación, distribución, fabricación o copyright | 1991. |
| 300 ## - DESCRIPCIÓN FÍSICA | |
| Extensión | 96 páginas : |
| Otras características físicas | ilustraciones, gráficos ; |
| Dimensiones | 20 centímetros |
| 336 ## - TIPO DE CONTENIDO | |
| Término de tipo de contenido | text |
| Fuente | rdacontent |
| 337 ## - TIPO DE MEDIO | |
| Nombre/término del tipo de medio | unmediated |
| Fuente | rdamedia |
| 338 ## - TIPO DE SOPORTE | |
| Nombre/término del tipo de soporte | volume |
| Fuente | rdacarrier |
| 505 0# - NOTA DE CONTENIDO CON FORMATO | |
| Nota de contenido con formato | Faith -- Prayer -- Comfort -- Love -- Hope -- Blessings -- God's care. |
| 526 ## - NOTA DE INFORMACIÓN SOBRE EL PROGRAMA DE ESTUDIO | |
| Nombre del programa | Comunicación Y Periodismo |
| 526 ## - NOTA DE INFORMACIÓN SOBRE EL PROGRAMA DE ESTUDIO | |
| Nombre del programa | Educación, Especialidad Inglés Y Español (A Distancia) |
| 526 ## - NOTA DE INFORMACIÓN SOBRE EL PROGRAMA DE ESTUDIO | |
| Nombre del programa | Educación, Especialidad Inglés Y Español |
| 526 ## - NOTA DE INFORMACIÓN SOBRE EL PROGRAMA DE ESTUDIO | |
| Nombre del programa | Educación secundaria, especialidad lingüística e inglés |
| 526 ## - NOTA DE INFORMACIÓN SOBRE EL PROGRAMA DE ESTUDIO | |
| Nombre del programa | Ciencias de la comunicación |
| 596 ## - | |
| -- | 1 |
| 650 04 - PUNTO DE ACCESO ADICIONAL DE MATERIA--TÉRMINO DE MATERIA | |
| Término de materia o nombre geográfico como elemento de entrada | Poesía religiosa |
| Subdivisión geográfica | Estados Unidos. |
| 942 ## - ELEMENTOS DE ENTRADA SECUNDARIOS (KOHA) | |
| Fuente del sistema de clasificación o colocación | Clasificación Decimal Dewey |
| Tipo de ítem Koha | |
| 949 ## - PROCESAMIENTO DE INFORMACIÓN LOCAL (OCLC) | |
| a | 808.815 R53B |
| w | DEWEY |
| c | 1 |
| i | 51035 |
| l | CCODEBUL1 |
| m | BUL |
| p | 7.00 |
| r | 0 |
| s | Y |
| t | BOOK |
| u | 2015-6-24 |
| x | TEOLOGIA |
| -- | P35 |
| 0 | COMPRA |
| o | .STAFF. Colección Teología |
| 994 ## - | |
| -- | C0 |
| -- | PEPRU |
| 999 ## - NÚMEROS DE CONTROL DE SISTEMA (KOHA) | |
| -- | DEWEY |
| -- | 51035 |
| -- | 2021-11-5 |
| -- | 5 |
| -- | CCODEBUL1 |
| -- | BUL |
| -- | 7.00 |
| -- | 0 |
| -- | Y |
| -- | BOOK |
| -- | 2015-6-24 |
| -- | BIBLIOTECA |
| -- | P35 |
| -- | COMPRA |
| -- | .STAFF. Colección Teología |
| 980 ## - EQUIVALENCIA O REFERENCIA-CRUZADA-MENCIÓN DE SERIE--NOMBRE DE PERSONA/TÍTULO [LOCAL, CANADÁ] | |
| ID del último usuario que modificó el registro | 1 |
| Nombre del último usuario que modificó el registro | ALBERTO SANCHEZ Responsable de Automatización |
| Visto por última vez | Número de inventario | Total de préstamos | Signatura topográfica completa | Código de barras | Fecha del último préstamo | Copia número | Coste, precio de reemplazo | Fecha de reemplazo | Facultad | Tipo de ítem Koha | Nota pública | Estado de pérdida | Fuente del sistema de clasificación o colocación | Restricciones de uso | No para préstamo | Colección | Programa académico | Biblioteca de origen | Biblioteca actual | Ubicación en estantería | Fecha de adquisición | Fuente de adquisición | Coste, precio normal de compra |
|---|---|---|---|---|---|---|---|---|---|---|---|---|---|---|---|---|---|---|---|---|---|---|---|
| 2025-12-03 | 6 | 1 | 808.815 R53B | 51035 | 2025-08-25 | e1 | 12.00 | 2015-06-24 | Libros físicos | inventario-2023-12-13 | No Perdido | Clasificación Decimal Dewey | No restringido | Disponible para préstamos | Colección General | Teología | Biblioteca CRAI UPeU Lima | Biblioteca CRAI UPeU Lima | Sala principal | 2015-06-24 | COMPRA | 7.00 |